00633nam a2200181 a 450000100100000000500170001000800410002702000150006804000250008308200130010810000280012124500810014926000540023030000300028404900090031495201110032399900170043400002572220200930024011.0110221s1974 xxcb r 001 0 eng d a0771077017 aDO-SdBNPbengcBNPHU ann*bnn*1 aRohmer, Richard.94127514aThe arctic imperative :ban overview of the energy crisis /cRichard Rohmer. aToronto :bMcClelland and Stewart Limited,c1974. a224 p. :bmapas ;c21 cm. aBNGR 001050718MOaGRbGRcHDd2011-02-21iLF1l0onn* nn*p25722-10r2020-06-25w2020-06-25y1ZNo se presta c25214d25214